| 000 | 01733nam a2200229Ia 4500 | ||
|---|---|---|---|
| 008 | 260220t1971||||xx |||||||||||||| ||spa|| | ||
| 040 |
_aPY-SlUNAC _bspa _erda |
||
| 041 | _aspa | ||
| 082 |
_a512.55 _bOp2o |
||
| 245 | 0 | _aOperaciones y morfismos | |
| 264 |
_aCiudad de México : _bMcGraw-Hill, _c℗1971. |
||
| 300 | _a1 volumen | ||
| 520 | _a"Operaciones y morfismos" es una obra fundamental que aborda los conceptos esenciales de la teoría de categorías, un área central en matemáticas y sus aplicaciones. El texto se centra en la definición y el estudio de operaciones y morfismos, facilitando la comprensión de estructuras algebraicas y sus interrelaciones. A través de un enfoque riguroso y didáctico, el autor introduce a los lectores en la naturaleza de las transformaciones y las funciones entre diferentes objetos matemáticos, ilustrando cómo estas interacciones permiten construir una base sólida para el desarrollo de teorías más complejas. El libro también analiza ejemplos concretos que demuestran la utilidad de los morfismos en la resolución de problemas y en la formulación de teoremas. Con un lenguaje claro y accesible, esta obra se convierte en un recurso valioso tanto para estudiantes como para investigadores en matemáticas, ofreciendo herramientas que son aplicables en diversas ramas de la ciencia y la ingeniería. Su publicación por McGraw-Hill en 1971 ha dejado un impacto duradero en la enseñanza de la matemática moderna. | ||
| 653 | _aÁlgebra | ||
| 653 | _aMatemáticas | ||
| 653 | _aTeoría de conjuntos | ||
| 942 |
_b2026/02/17 _cBK |
||
| 999 |
_c7479 _d7479 |
||